Orgía /

Pier Paolo Pasolini (Bolonia, 1922 – Roma, 1975), escritor y cineasta italiano cuya trayectoria creativa e intelectual guardó una relación estrecha con la asunción abierta de su homosexualidad y posturas políticas de izquierda, que incomodaron tanto a la ortodoxia marxista como al Estado y la Iglesi...

Descripción completa

Guardado en:
Detalles Bibliográficos
Autor principal: Pasolini, Pier Paolo (autor)
Formato: Libro
Idioma:Español
Publicado: Hondarribia, España : Hiru, 1995, c1995
Colección:(Teatro Hiru ; 2)
Temas:
Etiquetas: Agrega una etiqueta
Sin etiquetas, Sé el primero en etiquetar este registro!

MARC

LEADER 00000nam^a2200000^a^4500
001 000155602
005 20250521000000.0
009 20260310100435.775
020 |a 84-87524-71-0 
037 |a Acervo ITESO - Biblioteca 
041 |a ESP 
082 |a 852.  |b PAS 
100 |a Pasolini, Pier Paolo  |e (autor) 
245 1 0 |a Orgía /  |c P.P. Pasolini ; tr. por Carla Matteitini. 
264 4 |a Hondarribia, España :  |b Hiru,  |c 1995, c1995 
300 |a 119 p. 
336 |a texto  |b txt  |2 rdacontenido 
337 |a sin mediación  |b n  |2 rdamedio 
338 |a volumen  |b nc  |2 rdasoporte 
440 1 |a (Teatro Hiru ;  |v 2) 
500 |a Traducción de: Orgia 
500 |a Traducción de: Manifesto per un nuovo teatro 
520 |a Pier Paolo Pasolini (Bolonia, 1922 – Roma, 1975), escritor y cineasta italiano cuya trayectoria creativa e intelectual guardó una relación estrecha con la asunción abierta de su homosexualidad y posturas políticas de izquierda, que incomodaron tanto a la ortodoxia marxista como al Estado y la Iglesia Católica. Pasolini, al que Alberto Moravia consideraba el poeta más importante de su generación, inició con Versi a Casarsa/Poesie a Casarsa (1941) un recorrido literario que comprendió, entre otros títulos: los volúmenes de poesía Las cenizas de Gramsci (1957), La religión de mi tiempo (1961) y Poesía en forma de rosa: 1961-1964 (1964); las novelas Chicos del arroyo (1955, también conocida como Muchachos de la calle), Una vida violenta (1959), Amado mío (1982), Actos impuros (1982) y Petróleo (1992, inconclusa); las obras de teatro Fabulaciones (1966), Calderón (1966) y Orgía (1969) o las colecciones de ensayos Escritos corsarios (1975) y Cartas luteranas (1976). Arrancó su muy personal filmografía, tras colaborar en la escritura de catorce películas (1955-1961), con las neorrealistas Accatone (1961) y Mamma Roma (1962), a las que siguieron filmes como El evangelio según san Mateo (1964), Edipo, el hijo de la fortuna (1967) y Medea (1969), Teorema (1968) y la trilogía formada por Decamerón (1971), Los cuentos de Canterbury (1972) y Las mil y una noches (1973). Un disidente sexual y político y una de las voces esenciales del mundo cultural europeo de la segunda mitad del siglo XX, fue asesinado en circunstancias no del todo esclarecidas en vísperas del estreno de su filme Saló o los 120 días de Sodoma (1975), que ha llegado a ser calificado como la película más controvertida de todos los tiempos. 
649 |a XX 
650 |a Tragedia Italiana 
650 |a Teatro Italiano 
650 |a Teatro -  |x Teoría 
650 |a Ensayos Italianos 
650 |a Psicoanálisis y Literatura 
650 |a Literatura Italiana -  |y Siglo XX 
650 |a Literatura -  |x Teoría 
650 |a Tanatos 
650 |a Muerte en la Literatura 
740 0 |a Manifiesto :  |b 32 puntos para un nuevo teatro /  |c P.P. Pasolini ; tr. por Carla Matteitini. 
910 |a Fondo General 
920 |a Impresos - Libros 
930 |a Colección General 
940 |a Literatura 
905 |a 101 
901 |a 0500083326  |b IT1  |c LIT  |u 20250521 
902 |a https://opac.biblio.iteso.mx/vufind/Record/000155602